| 000 | 00000nam##2200000za#4500 |
| 001 | 9.641984 |
| 003 | CaOODSP |
| 005 | 20210624223457 |
| 007 | cr ||||||||||| |
| 008 | 150407|2004||||xxc|||||o f|0| 0 fre|d |
| 040 | |aCaOODSP|bfre |
| 043 | |an-cn--- |
| 086 | 1 |aHS4-11/2004F-PDF |
| 110 | 1 |aCanada.|bRessources humaines et Développement des compétences Canada. |bProgramme du travail. |
| 245 | 10|aProtégez vos pieds! |h[ressource électronique] |
| 260 | |aGatineau - Québec : |bRessources humaines et Développement des compétences Canada. |cc2004. |
| 300 | |a12p.|bill. en couleur |
| 500 | |aLe n° de catalogue (HS4-11/2004) et l'ISBN (0-662-68246-7) de l'édition imprimée bilingue ont été incorrectement copiés dans la version électronique. |
| 590 | |a13-15-Supp|b2013-06-24 |
| 775 | 08|tProtect your feet! |w(CaOODSP)9.697987 |
| 794 | |tProtégez vos pieds!|w(CaOODSP)9.876712 |
| 856 | 40|ahttp://publications.gc.ca|qPDF|s316 Ko|uhttps://publications.gc.ca/collections/collection_2013/rhdcc-hrsdc/HS4-11-2004-fra.pdf |
| 986 | |aLT-048-06-04 |